Statistiques concernant Voyage en France, le bon itinéraire (1)

Cliquez ici pour prendre le quiz!

Statistiques générales

  • Ce quiz a été pris 42 fois
  • Le résultat moyen est 39 sur 60

Statistiques - réponses

QuestionTuileSelect% Correct
Pour me rendre de Paris dans l'Eure-et-Loir, je peux passer parLA SEINE-SAINT-DENISNon
98%
Pour me rendre de Paris dans l'Eure-et-Loir, je peux passer parLES YVELINESOui
88%
Pour me rendre de Paris dans l'Eure-et-Loir, je peux passer parLE LOIRETNon
85%
De l'Eure-et-Loir, je me rends en Indre-et-Loire, le chemin le plus court passe par...L'ESSONNENon
85%
De l'Eure-et-Loir, je me rends en Indre-et-Loire, le chemin le plus court passe par...L'EURENon
83%
De l'Eure-et-Loir, je me rends en Indre-et-Loire, le chemin le plus court passe par...LE LOIRETNon
78%
Ma tante veut visiter les plages du débarquement du 6 juin 1944, nous visitons au passage...LE MORBIHANNon
78%
Puis nous allons voir les oiseaux de la baie de Somme par...LE PAS-DE-CALAISNon
78%
Puis nous allons voir les oiseaux de la baie de Somme par...LE VAL-D'OISENon
78%
Pour poursuivre nos visites par celle de Lille, nous passons par la Côte d'Opale dans le département...DES COTES-D'ARMORNon
76%
Ma tante veut visiter les plages du débarquement du 6 juin 1944, nous visitons au passage...LA MAYENNENon
76%
De l'Eure-et-Loir, je me rends en Indre-et-Loire, le chemin le plus court passe par...LA SARTHENon
76%
Mais ma vieille tante veut me voir dans le 29, j'y vais au plus court en passant par...LES DEUX-SEVRESNon
76%
Pour poursuivre nos visites par celle de Lille, nous passons par la Côte d'Opale dans le département...DE L'OISENon
73%
Pour poursuivre nos visites par celle de Lille, nous passons par la Côte d'Opale dans le département...D'ILLE-ET-VILAINENon
73%
Mais ma vieille tante veut me voir dans le 29, j'y vais au plus court en passant par...LA GIRONDENon
73%
Puis nous allons voir les oiseaux de la baie de Somme par...LA MANCHENon
73%
Le marché de Noël de Strasbourg vient d'ouvrir, nous y allons au plus vite viaLA MARNENon
73%
Puis nous allons voir le célèbre lion dans le 90 en passant parLA MEURTHE-ET-MOSELLENon
73%
Puis nous allons voir le célèbre lion dans le 90 en passant parLES VOSGESNon
73%
Je dois maintenant me rendre à La Rochelle, je vais passer parL'INDRENon
73%
Ma tante veut visiter les plages du débarquement du 6 juin 1944, nous visitons au passage...L'ORNENon
73%
Pour poursuivre nos visites par celle de Lille, nous passons par la Côte d'Opale dans le département...DE SEINE-MARITIMENon
71%
Puis nous allons voir le célèbre lion dans le 90 en passant parLA HAUTE-SAONENon
71%
Puis nous allons voir le célèbre lion dans le 90 en passant parLE DOUBSNon
71%
Mais ma vieille tante veut me voir dans le 29, j'y vais au plus court en passant par...LE MORBIHANOui
71%
Ma tante veut visiter les plages du débarquement du 6 juin 1944, nous visitons au passage...LES COTES-D'ARMOROui
71%
Du 90, nous nous dirigeons vers notre dernière étape dans le 91 au plus court via...LE LOIRETNon
68%
Mais ma vieille tante veut me voir dans le 29, j'y vais au plus court en passant par...L'ILLE-ET-VILAINENon
68%
Pour poursuivre nos visites par celle de Lille, nous passons par la Côte d'Opale dans le département...DU NORDNon
66%
Pour poursuivre nos visites par celle de Lille, nous passons par la Côte d'Opale dans le département...DU PAS-DE-CALAISOui
66%
Ma tante veut visiter les plages du débarquement du 6 juin 1944, nous visitons au passage...LA MANCHEOui
66%
Puis nous allons voir les oiseaux de la baie de Somme par...LA SEINE-MARITIMEOui
66%
De l'Eure-et-Loir, je me rends en Indre-et-Loire, le chemin le plus court passe par...LE CHERNon
66%
Puis nous allons voir le célèbre lion dans le 90 en passant parLE HAUT-RHINOui
66%
Je dois maintenant me rendre à La Rochelle, je vais passer parLE MAINE-ET-LOIRENon
66%
Pour me rendre de Paris dans l'Eure-et-Loir, je peux passer parLES HAUTS-DE-SEINEOui
66%
Mais ma vieille tante veut me voir dans le 29, j'y vais au plus court en passant par...LA LOIRE-ATLANTIQUEOui
61%
Le marché de Noël de Strasbourg vient d'ouvrir, nous y allons au plus vite viaLA MEURTHE-ET-MOSELLEOui
61%
Je dois maintenant me rendre à La Rochelle, je vais passer parLA VENDEENon
61%
De l'Eure-et-Loir, je me rends en Indre-et-Loire, le chemin le plus court passe par...LE LOIR-ET-CHEROui
61%
Le marché de Noël de Strasbourg vient d'ouvrir, nous y allons au plus vite viaLA MOSELLEOui
59%
Le marché de Noël de Strasbourg vient d'ouvrir, nous y allons au plus vite viaLES ARDENNESOui
59%
Ma tante veut visiter les plages du débarquement du 6 juin 1944, nous visitons au passage...L'ILLE-ET-VILAINEOui
59%
Puis nous allons voir les oiseaux de la baie de Somme par...L'OISENon
59%
Du 90, nous nous dirigeons vers notre dernière étape dans le 91 au plus court via...L'YONNEOui
59%
Le marché de Noël de Strasbourg vient d'ouvrir, nous y allons au plus vite viaLA MEUSEOui
56%
Mais ma vieille tante veut me voir dans le 29, j'y vais au plus court en passant par...LA VENDEEOui
56%
Puis nous allons voir le célèbre lion dans le 90 en passant parLE BAS-RHINNon
56%
Du 90, nous nous dirigeons vers notre dernière étape dans le 91 au plus court via...LA COTE-D'OROui
54%
Du 90, nous nous dirigeons vers notre dernière étape dans le 91 au plus court via...LA HAUTE-SAONEOui
54%
Du 90, nous nous dirigeons vers notre dernière étape dans le 91 au plus court via...LE DOUBSNon
54%
Je dois maintenant me rendre à La Rochelle, je vais passer parLA CHARENTENon
49%
Le marché de Noël de Strasbourg vient d'ouvrir, nous y allons au plus vite viaL'AISNEOui
46%
Je dois maintenant me rendre à La Rochelle, je vais passer parLES DEUX-SEVRESOui
46%
Je dois maintenant me rendre à La Rochelle, je vais passer parLA VIENNEOui
44%
Puis nous allons voir les oiseaux de la baie de Somme par...L'EUREOui
39%
Du 90, nous nous dirigeons vers notre dernière étape dans le 91 au plus court via...LA SEINE-ET-MARNEOui
37%
Pour me rendre de Paris dans l'Eure-et-Loir, je peux passer parL'ESSONNEOui
24%
Pour me rendre de Paris dans l'Eure-et-Loir, je peux passer parLE-VAL-DE-MARNEOui
10%

Distribution des résultats

Percentile par nombre de réponses

% des personnes avec chaque résultat

Votre développement - résultats

Vous n’avez pas pris ce quiz